All 10k+ Cities Bordering Poland on a Map - Statistics

General Stats
  • This quiz has been taken 23 times
  • The average score is 4 of 17
Answers on the Map
Answers color-coded by a green-red scale on the quiz's map according to % correct below.
 
Answer Stats
Country Locality Population % Correct
Belarus Brest 342,461
90%
Germany Frankfurt an der Oder 57,107
70%
Germany Görlitz 55,186
45%
Germany Guben 15,794
30%
Czech Republic Český Těšín 23,075
20%
Germany Eisenhüttenstadt 24,703
20%
Germany Schwedt 33,730
20%
Germany Forst (Lausitz) 17,155
15%
Czech Republic Opava 55,109
15%
Germany Zittau 25,286
15%
Germany Angermünde 14,233
10%
Germany Bad Freienwalde 11,877
10%
Czech Republic Karviná 48,937
10%
Czech Republic Bohumín 20,315
5%
Czech Republic Krnov 22,518
5%
Czech Republic Náchod 19,827
5%
Czech Republic Třinec 33,852
5%
No matching quizzes found
Score Distribution
Percent of People with Each Score
Percentile by Number Answered
Your Score History
You have not taken this quiz